000 00963nam a2200253 a 4500
001 000034500
005 20200930073732.0
008 111005s2006 xxu r 000 0 spa d
020 _a080188330x
040 _aDO-SdBNP
_bspa
_cBNPHU
082 _a327.730519
_bL477t
100 1 _aLee, Chae-Jin,
_d1936-
_959941
245 1 0 _aA troubled peace :
_bU.S. policy and the two Koreas /
_cChae-Jin Lee.
260 _aBaltimore :
_bThe Johns Hopkins University Press,.
300 _axiv, 352 p. :
_bmapas ;
_c24 cm.
500 _aIncluye índice
504 _aBibliografía : p. 303-341
590 _aInventariado, 2019/BT
651 4 _aEstados Unidos
_xRelaciones Exteriores
_91498
651 4 _aCorea
_xRelaciones Exteriores
_zCorea Del Norte
_959942
651 4 _aCorea
_xRelaciones Exteriores
_zEstados Unidos
_959943
651 4 _aCorea Del Norte
_xRelaciones Exteriores
_zEstados Unidos
_959944
651 4 _aCorea Del Sur
_xRelaciones Exteriores
_zEstados Unidos
_959945
999 _c33991
_d33991